2015 Worldwide Box Office - Statistics

General Stats
  • This quiz has been taken 12 times
  • The average score is 6 of 10
Answer Stats
Rank Movie Title Worldwide Box Office (USD) Distributor/Studio Genre % Correct
1 Star Wars: The Force Awakens $2,056,046,835 Disney Sci-Fi/Fantasy
80%
4 Avengers: Age of Ultron $1,395,316,979 Disney Superhero/Comics
70%
3 Furious 7 $1,510,065,395 Universal Action
70%
7 Inside Out $848,469,454 Disney Family/Animation
70%
8 Mission: Impossible—Rogue Nation $688,858,992 Paramount Action
70%
2 Jurassic World $1,671,063,641 Universal Sci-Fi/Monster
60%
5 Minions $1,157,271,759 Universal Family/Animation
60%
10 The Hunger Games: Mockingjay - Part 2 $646,125,287 Lionsgate Sci-Fi/Dystopia
50%
9 The Martian $653,609,107 20th Century Fox Sci-Fi/Drama
50%
6 Spectre $879,077,344 Sony Action
40%
No matching quizzes found
Score Distribution
Percent of People with Each Score
Percentile by Number Answered
Your Score History
You have not taken this quiz